000
00273nam a2200121 a 4500
008
101209s1972|||| d
100
1
_a
Martindale, Andrew
245
1
0
_a
Renesancia
044
_a
xo
_c
SK
041
_a
slo
020
_c
95
260
_b
Pallas
_a
Bratislava
_c
1972
999
_c
14969
_d
14969